[Event "Remote-ch Class2 Gr.A email"]
[Site "Remote email"]
[Date "2014.04.20"]
[Round "?"]
[White "Hauswald, Frank"]
[Black "Fiesel, Hans Juergen"]
[Result "1-0"]
[WhiteElo "2069"]
[BlackElo "1711"]
[PlyCount "43"]
[EventDate "2014.??.??"]
[EventType "tourn (corr)"]
[EventRounds "10"]
[EventCountry "GER"]
[SourceTitle "Corr 2015"]
[Source "ChessBase"]
[SourceDate "2015.07.17"]
[SourceVersion "1"]
[SourceVersionDate "2015.07.17"]
[SourceQuality "1"]

1. e4 c5 2. Nf3 Nc6 3. d3 g6 4. g3 Bg7 5. Bg2 e5 6. 0-0 Nf6 7. Nc3 0-0 8. Bg5 h6 9. Be3 d6 10. Qd2 Ng4 11. Nd5 Nxe3 12. fxe3 a5 13. c4 f5 14. Nh4 f4 15. exf4 exf4 16. Nxg6 Rf7 17. Rxf4 Qg5 18. Nb6 Rb8 19. Nxc8 Rxc8 20. Bh3 Bxb2 21. Qxb2 Qxg6 22. Rg4 1-0

[Event "Remote-ch Class2 Gr.A email"]
[Site "Remote email"]
[Date "2014.04.20"]
[Round "?"]
[White "Tortoza, Carlos Alberto"]
[Black "Fiesel, Hans Juergen"]
[Result "0-1"]
[WhiteElo "1632"]
[BlackElo "1711"]
[PlyCount "82"]
[EventDate "2014.??.??"]
[EventType "tourn (corr)"]
[EventRounds "10"]
[EventCountry "GER"]
[SourceTitle "Corr 2015"]
[Source "ChessBase"]
[SourceDate "2015.07.17"]
[SourceVersion "1"]
[SourceVersionDate "2015.07.17"]
[SourceQuality "1"]

1. e4 c5 2. Bc4 Nc6 3. Nf3 g6 4. e5 Bg7 5. Ng5 e6 6. Qf3 Nxe5 7. Qf4 f5 8. c3 Nxc4 9. d3 Be5 10. Qh4 Ne7 11. dxc4 Bf6 12. Qg3 a6 13. 0-0 0-0 14. f4 h6 15. Nf3 d6 16. Na3 Bd7 17. Be3 b5 18. cxb5 axb5 19. Nc2 b4 20. Nh4 Be8 21. Nf3 bxc3 22. bxc3 Bxc3 23. Qh4 Kg7 24. Ng5 Bd7 25. Rad1 Nd5 26. Rxd5 exd5 27. Nf3 Qa5 28. Qe7+ Rf7 29. Qh4 Qxa2 30. Nce1 Qe2 31. Bf2 Bb5 32. Nd3 Bxd3 33. h3 Qxf1+ 34. Kh2 Ra1 35. Kg3 Ra2 36. Kh2 Rxf2 37. Qg3 Ra7 38. Nh4 Kf7 39. Nxg6 Ra1 40. Ne5+ dxe5 41. Qxf2 Qxf2 0-1

[Event "Remote email"]
[Site "Remote email"]
[Date "2014.01.31"]
[Round "?"]
[White "Fiesel, Hans Juergen"]
[Black "Klein, Werner"]
[Result "1/2-1/2"]
[WhiteElo "1704"]
[BlackElo "1724"]
[PlyCount "70"]
[EventDate "2014.??.??"]
[EventType "tourn (corr)"]
[EventRounds "6"]
[EventCountry "GER"]
[SourceTitle "Corr 2015"]
[Source "ChessBase"]
[SourceDate "2015.07.17"]
[SourceVersion "1"]
[SourceVersionDate "2015.07.17"]
[SourceQuality "1"]

1. d4 Nf6 2. Bf4 g6 3. e3 Bg7 4. Nd2 0-0 5. Ngf3 d5 6. h3 c6 7. Bd3 b6 8. 0-0 Ba6 9. Bxb8 Bxd3 10. cxd3 Rxb8 11. Ne5 Rc8 12. Qa4 Qc7 13. Rac1 b5 14. Qc2 Qd6 15. Qd1 a5 16. a4 b4 17. Nb3 Nd7 18. Nxd7 Qxd7 19. Nxa5 c5 20. dxc5 Bxb2 21. Rc2 Qxa4 22. Rxb2 Qxa5 23. d4 e5 24. Qd2 Rb8 25. Rfb1 Rb5 26. Rxb4 Rfb8 27. c6 Rxb4 28. Rxb4 Rc8 29. e4 Qa1+ 30. Kh2 Rxc6 31. exd5 Rd6 32. dxe5 Qxe5+ 33. f4 Rxd5 34. fxe5 Rxd2 35. Rb8+ Kg7 1/2-1/2